| 000 | 00467nam a2200181Ia 4500 | ||
|---|---|---|---|
| 003 | GCL | ||
| 008 | 140319s9999 xx 000 0 eng d | ||
| 040 |
_aGCL / _cGCL |
||
| 082 | 0 | 4 |
_a450 _bB P |
| 100 | 1 | _aBAFFI, SANDRO | |
| 245 | 1 | 0 |
_aLA PRATIQUE COURANTE DE L'ITALIEN / _cBAFFI, SANDRO |
| 260 |
_a[S.N] : _bLE LIVRE DE POCHE ، _c1994 |
||
| 300 | _a251 P | ||
| 650 | 0 | 4 | _aSTUDY AND TEACHING |
| 650 | 0 | 4 | _aGRAMMAR |
| 650 | 0 | 4 | _aITALIAN LANGUAGE |
| 942 |
_2ddc _cBK |
||
| 999 |
_c24748 _d24748 |
||